[Event "Memorial Perezzani 2018"]
[Site "?"]
[Date "2018.04.15"]
[Round "5.7"]
[White "Zanetti, Luca"]
[Black "Rossi, Gabriele Valerio"]
[Result "0-1"]
[WhiteElo "1363"]
[BlackElo "1173"]
[PlyCount "130"]
[EventDate "2018.??.??"]

1. e4 c5 2. c3 Nf6 3. e5 Nd5 4. Nf3 Nc6 5. Bb5 g6 6. Bxc6 bxc6 7. O-O Bg7 8.
Re1 O-O 9. d4 cxd4 10. cxd4 d6 11. Nc3 dxe5 12. Nxd5 cxd5 13. dxe5 Bf5 14. Bf4
e6 15. Qd2 Qb6 16. b3 Rac8 17. Rec1 f6 18. exf6 Bxf6 19. Be5 Qb7 20. Re1 Rc2
21. Qd1 Qg7 22. Bxf6 Qxf6 23. Qd4 Rc7 24. Qxf6 Rxf6 25. Nd4 Kf7 26. Nxf5 exf5
27. Rac1 Rcc6 28. g3 a6 29. Rxc6 Rxc6 30. Re2 d4 31. Rd2 Rd6 32. Kf1 Ke6 33.
Rd3 Kd5 34. Ke2 h6 35. Rf3 Ke5 36. b4 g5 37. Kd3 Rc6 38. h3 Rc3+ 39. Ke2 Rxf3
40. Kxf3 Kd5 41. Ke2 Kc4 42. a3 h5 43. Kd2 f4 44. Kc2 d3+ 45. Kb2 f3 46. h4 g4
47. Kc1 Kb3 48. Kd2 Kxa3 49. b5 axb5 50. Kxd3 b4 51. Kc2 Ka2 52. Kd3 b3 53. Ke4
b2 54. Kf5 b1=Q+ 55. Kg5 Qb5+ 56. Kh6 Qf5 57. Kg7 Kb3 58. Kh6 Kc4 59. Kg7 Kd5
60. Kh6 Ke6 61. Kg7 Qf6+ 62. Kh7 Qf7+ 63. Kh8 Qe7 64. Kg8 Kf6 65. Kh8 Qg7# 0-1

[Event "Memorial Perezzani 2018"]
[Site "?"]
[Date "2018.04.15"]
[Round "5.8"]
[White "Castelli, Edmondo"]
[Black "Mulone, Gaspare"]
[Result "1-0"]
[WhiteElo "1414"]
[BlackElo "1443"]
[PlyCount "66"]
[EventDate "2018.??.??"]

1. e4 e6 2. d4 d6 3. Nc3 Be7 4. Nf3 c6 5. Be3 b5 6. a4 b4 7. Ne2 a5 8. Ng3 Nf6
9. Bd3 Ba6 10. Bxa6 Nxa6 11. O-O O-O 12. Qd2 Nd7 13. Rac1 d5 14. e5 c5 15. c3
c4 16. Bg5 Bxg5 17. Nxg5 b3 18. f4 h6 19. Nf3 Nb6 20. Ra1 Qd7 21. Nh4 Nc7 22.
f5 exf5 23. Nhxf5 Ne6 24. Qe2 Kh7 25. Qg4 g6 26. Ne3 Qc6 27. Qe2 Nc7 28. Ng4
Nxa4 29. Qd2 g5 30. Rf6 Ne6 31. Rxh6+ Kg7 32. Nf5+ Kg8 33. Ne7+ Kg7 1-0

[Event "Memorial Perezzani 2018"]
[Site "?"]
[Date "2018.04.15"]
[Round "5.9"]
[White "Pesavento, Mosè"]
[Black "Bison, Ismaele"]
[Result "1-0"]
[WhiteElo "1440"]
[BlackElo "1356"]
[PlyCount "107"]
[EventDate "2018.??.??"]

1. e4 e5 2. Nf3 Nc6 3. Nc3 Nf6 4. Bc4 Bc5 5. O-O O-O 6. d3 h6 7. Be3 Bb6 8.
Bxb6 axb6 9. Re1 d6 10. h3 Be6 11. Nd5 Bd7 12. Nxf6+ Qxf6 13. Bb5 Ra5 14. Bxc6
Bxc6 15. d4 Rfa8 16. d5 Bd7 17. Nd2 Qg6 18. Qf3 Rxa2 19. Rxa2 Rxa2 20. Rb1 Qg5
21. Nc4 Ra4 22. b3 Ra8 23. Qg3 Qh5 24. f4 exf4 25. Qxf4 g5 26. Qe3 b5 27. Nd2
Ra2 28. Rc1 Qg6 29. Nf3 f5 30. exf5 Bxf5 31. Nd4 c5 32. dxc6 bxc6 33. Nxc6 Rxc2
34. Rxc2 Bxc2 35. Ne7+ Kg7 36. Nxg6 Bxg6 37. Qe7+ Bf7 38. Qxd6 Bxb3 39. Qd7+
Bf7 40. Qxb5 Kg6 41. Qd3+ Kg7 42. Kf2 Bg6 43. Qd4+ Kf7 44. Kf3 Bh5+ 45. g4 Bg6
46. Qa7+ Kf6 47. Ke3 Ke5 48. Qc5+ Kf6 49. Kd4 Bf7 50. Qf5+ Kg7 51. Ke5 Ba2 52.
Qd7+ Bf7 53. Kf5 Kg8 54. Kf6 1-0

[Event "Memorial Perezzani 2018"]
[Site "?"]
[Date "2018.04.15"]
[Round "5.10"]
[White "Nuzzo, Michele"]
[Black "Pozza, Davide Ivo"]
[Result "1-0"]
[WhiteElo "1316"]
[BlackElo "1440"]
[PlyCount "115"]
[EventDate "2018.??.??"]

1. d4 d5 2. c4 c6 3. Nc3 Nf6 4. e3 Be6 5. c5 g6 6. Nf3 Bg7 7. Be2 O-O 8. O-O b6
9. cxb6 axb6 10. Ng5 c5 11. Nxe6 fxe6 12. dxc5 bxc5 13. Bf3 Nc6 14. e4 Nb4 15.
a3 d4 16. e5 dxc3 17. Bxa8 Qxa8 18. exf6 Bxf6 19. Bh6 Rd8 20. Qb3 cxb2 21. Rab1
Nd5 22. Rfe1 g5 23. Qg3 Kf7 24. Bxg5 Bxg5 25. Qxg5 Nc3 26. Rxb2 Qxa3 27. Qf4+
Ke8 28. Rd2 Ne2+ 29. Rdxe2 Qc3 30. h3 Rd4 31. Qe3 Qxe3 32. Rxe3 Kd7 33. Rxe6 c4
34. Rxe7+ Kc6 35. R1e6+ Kb5 36. Re4 Rd1+ 37. Kh2 Kb4 38. Rc7 Rc1 39. Rexc4+
Rxc4 40. Rxc4+ Kxc4 41. Kg3 Kd5 42. Kg4 Ke6 43. f3 Kf6 44. Kf4 Kg6 45. Ke5 Kg7
46. Kf5 Kh6 47. f4 Kg7 48. Ke6 Kh8 49. f5 h5 50. Ke7 h4 51. f6 Kh7 52. f7 Kh8
53. f8=Q+ Kh7 54. Qf5+ Kh6 55. Qg4 Kh7 56. Qg5 Kh8 57. Kf7 Kh7 58. Qg7# 1-0

[Event "Memorial Perezzani 2018"]
[Site "?"]
[Date "2018.04.15"]
[Round "5.11"]
[White "Venturini, Valter"]
[Black "Cisco, Alberto"]
[Result "1-0"]
[WhiteElo "1313"]
[BlackElo "1321"]
[PlyCount "73"]
[EventDate "2018.??.??"]

1. e4 e5 2. d4 d6 3. dxe5 Nc6 4. exd6 Bxd6 5. Nc3 Be6 6. Nf3 f6 7. Be2 a6 8.
Be3 Nge7 9. a3 Qd7 10. Qd2 Rd8 11. O-O O-O 12. Bd3 f5 13. Ng5 Bf7 14. Nxf7 Rxf7
15. Bc4 Bxh2+ 16. Kxh2 Qxd2 17. Bxf7+ Kxf7 18. Bxd2 Rxd2 19. Rad1 Rxc2 20. Rd7
Rxb2 21. Nd5 Rd2 22. Rxc7 fxe4 23. Nxe7 Nxe7 24. Re1 Rd4 25. f3 Rd6 26. Rxe4
Re6 27. Rxe6 Kxe6 28. Rxb7 a5 29. Rb6+ Kd5 30. Rb5+ Kc4 31. Rxa5 Nc6 32. Ra8 g6
33. a4 Kb4 34. Rh8 h5 35. Rg8 Ne7 36. Rg7 Nf5 37. Rxg6 1-0